Normal view MARC view
  • Administración pública

Entry Materia

Number of records used in: 131

001 - NÚMERO DE CONTROL DEL REGISTRO

  • campo de control: 637

003 - IDENTIFICADOR DE NUMERO DE CONTROL

  • campo de control: MX-MxUPN

005 - FECHA Y HORA DE LA ÚLTIMA TRANSACCIÓN

  • campo de control: 20240909164201.0

008 - DATOS DE LONGITUD FIJA

  • campo de control de longitud fija: 240212n||acnnnbabn a ana |d

035 ## - NÚMERO DE CONTROL DEL SISTEMA

  • Número de control del sistema: UPN10000000637

040 ## - FUENTE DE LA CATALOGACIÓN

  • Centro catalogador de origen: MX-MxUPN
  • Lengua de catalogación: spa
  • Agencia de transcripción: MX-MxUPN

046 ## - FECHAS CON CODIFICACIÓN ESPECIAL

  • Fecha final para contenidos agregados: 0123

053 #4 - NÚMERO CLASIFICADOR - BIBLIOTECA DEL CONGRESO (LC)

  • Elemento numérico de la clasificación - Número único o no. inicial del rango: HJ2031

053 #4 - NÚMERO CLASIFICADOR - BIBLIOTECA DEL CONGRESO (LC)

  • Elemento numérico de la clasificación - Número único o no. inicial del rango: LB7

053 #4 - NÚMERO CLASIFICADOR - BIBLIOTECA DEL CONGRESO (LC)

  • Elemento numérico de la clasificación - Número único o no. inicial del rango: JL1224

053 #4 - NÚMERO CLASIFICADOR - BIBLIOTECA DEL CONGRESO (LC)

  • Elemento numérico de la clasificación - Número único o no. inicial del rango: JF1351

150 ## - ENCABEZAMIENTO - TEMÁTICO

  • Término de materia o nombre geográfico como elemento inicial: Administración pública

450 ## - VÉASE - MATERIA

  • Encabezamiento temático: Gestión pública

450 ## - VÉASE - MATERIA

  • Encabezamiento temático: Administración del sector público

670 ## - FUENTE EN LA QUE SE LOCALIZARON DATOS

  • Cita de la fuente: E

680 ## - NOTA GENERAL CON DESPLIEGUE PÚBLICO

  • Texto explicativo: Aquí se asientan las obras sobre los principios y técnicas relacionadas con la dirección de los negocios públicos. Las obras descriptivas de la maquinaria oficial, se asientan bajo el área correspondiente con la subdivisión
  • Encabezamiento: POLITICA Y GOBIERNO

902 ## - CATALOGADOR

  • Catalogador: PN/090996